Rats in the grain : (Record no. 590186)

000 -LEADER
fixed length control field 01121cam a22003014a 4500
001 - CONTROL NUMBER
control field 11843107
003 - CONTROL NUMBER IDENTIFIER
control field NUST
005 - DATE AND TIME OF LATEST TRANSACTION
control field 20220623202226.0
008 - FIXED-LENGTH DATA ELEMENTS--GENERAL INFORMATION
fixed length control field 991116s2000 nyua b 001 0 eng
010 ## - LIBRARY OF CONGRESS CONTROL NUMBER
LC control number 99058568
020 ## - INTERNATIONAL STANDARD BOOK NUMBER
International Standard Book Number 1568581416
038 ## - RECORD CONTENT LICENSOR
Staff Name Arshad
040 ## - CATALOGING SOURCE
Original cataloging agency DLC
Transcribing agency DLC
Modifying agency DLC
042 ## - AUTHENTICATION CODE
Authentication code pcc
043 ## - GEOGRAPHIC AREA CODE
Geographic area code n-us---
050 00 - LIBRARY OF CONGRESS CALL NUMBER
Classification number HD9009.A73
Item number L53 2000
082 00 - DEWEY DECIMAL CLASSIFICATION NUMBER
Classification number 364.1680973
Author Mark LIE
100 1# - MAIN ENTRY--PERSONAL NAME
Personal name Lieber, James B.
9 (RLIN) 7633
245 10 - TITLE STATEMENT
Title Rats in the grain :
Remainder of title the dirty tricks and trials of Archer Daniels Midland /
Statement of responsibility, etc. James B. Lieber.
260 ## - PUBLICATION, DISTRIBUTION, ETC.
Place of publication, distribution, etc. New York :
Name of publisher, distributor, etc. Four Walls Eight Windows,
Date of publication, distribution, etc. 2000.
300 ## - PHYSICAL DESCRIPTION
Extent xiv, 418 p. :
Other physical details ill. ;
Dimensions 24 cm.
504 ## - BIBLIOGRAPHY, ETC. NOTE
Bibliography, etc. note Includes bibliographical references (p. [391]-395) and index.
610 20 - SUBJECT ADDED ENTRY--CORPORATE NAME
Corporate name or jurisdiction name as entry element Archer Daniels Midland Company.
9 (RLIN) 7634
650 #0 - SUBJECT ADDED ENTRY--TOPICAL TERM
Topical term or geographic name entry element Food industry and trade
General subdivision Corrupt practices
Geographic subdivision United States.
9 (RLIN) 7635
906 ## - LOCAL DATA ELEMENT F, LDF (RLIN)
a 7
b cbc
c orignew
d 1
e ocip
f 19
g y-gencatlg
942 ## - ADDED ENTRY ELEMENTS (KOHA)
Source of classification or shelving scheme
Koha item type Book
Holdings
Withdrawn status Lost status Source of classification or shelving scheme Damaged status Not for loan Permanent Location Current Location Shelving location Date acquired Full call number Barcode Date last seen Price effective from Koha item type
          NUST Law School (NLS) NUST Law School (NLS) Fiction 06/23/2022 364.1680973 LIE CL3411 06/23/2022 06/23/2022 Book
© 2023 Central Library, National University of Sciences and Technology. All Rights Reserved.